| 000 | 04074nam a22003497a 4500 | ||
|---|---|---|---|
| 005 | 20091215120624.0 | ||
| 020 |
_a8179870847 _c24.00 |
||
| 035 | _aB-376843-856 | ||
| 037 | _bविश्व बुक्स/ PUB | ||
| 082 | _a793.73 | ||
| 100 |
_aनाथ, राकेश _9810 |
||
| 245 |
_aउलझन सुलझाओ / _cराकेश नाथ |
||
| 260 |
_aनई दिल्ली _bविश्व विजय _cव.अ. |
||
| 270 |
_aएम-12, कनाट सर्कस _bनई दिल्ली _e10001 _k91-011-23416313 |
||
| 300 |
_a32पृ. _bसचित्र _c24सेमी (अजिल्द) |
||
| 942 |
_2ddc _cCH _h793.73 _mनाथरा |
||
| 999 |
_c32859 _d32859 |
||